Vylepšenie webového integrovaného vývojového prostredia

Salvato in:
Dettagli Bibliografici
Autore principale: Spirin, Pavlo (Autore)
Altri autori: Kohútka, Lukáš (Relatore della tesi)
Natura: Manoscritto Libro
Lingua:slovacco
Pubblicazione: 2025
Soggetti:
Accesso online:http://is.stuba.sk/zp/portal_zp.pl?podrobnosti=171865
Tags: Aggiungi Tag
Nessun Tag, puoi essere il primo ad aggiungerne!!

MARC

LEADER 00000ntm a22000003a 4500
001 stuzp102835
003 SK-STU
005 20250614211534.4
007 ta
008 150427s2015----xo-----f-mn---000-0-slo-d
040 |a STU  |b slo 
041 0 |a slo 
100 1 |a Spirin, Pavlo  |u 070200  |4 aut  |U FIIT Fakulta informatiky a informačných technológií  |T FIIT Ústav informatiky, informačných systémov a softvérového inžinierstva  |X 117386  |U I200  |Y 179  |7 117386 
242 0 1 |a Improvement of web-based integrated development environment  |y eng 
245 1 0 |a Vylepšenie webového integrovaného vývojového prostredia 
260 |c 2025 
650 4 |a HDL  |2 eng 
650 4 |a Block diagrams  |2 eng 
650 4 |a Digital systems  |2 eng 
650 4 |a HDL  |2 slo 
650 4 |a Digitálne systémy  |2 slo 
650 4 |a Blokové diagramy  |2 slo 
700 1 |a Kohútka, Lukáš  |u 070200  |k Z1  |4 ths  |U FIIT Fakulta informatiky a informačných technológií  |T FIIT Ústav informatiky, informačných systémov a softvérového inžinierstva  |X 5813  |U I200  |Y 179  |7 A000005813 
856 4 |u http://is.stuba.sk/zp/portal_zp.pl?podrobnosti=171865